000
00271nam a2200121Ia 4500
008
221030s9999 xx 000 0 und d
041
_a
English
100
_a
E. M. Awad
245
0
_a
System Analysis & Design
_c
by E. M. Awad
260
_c
0
650
_a
Mb
942
_c
BK
999
_c
17016
_d
17016